| 000 | 00596cam a22002053a 4500 | ||
|---|---|---|---|
| 001 | 42154 | ||
| 003 | PGUSA | ||
| 005 | 20140828083942.0 | ||
| 008 | 130222s2013||||xxu|||||s|||||000 | eng d | ||
| 040 |
_aPGUSA _beng |
||
| 042 | _adc | ||
| 100 | 1 |
_aLeslie, Eliza, _d1787-1858 |
|
| 245 | 1 | 0 |
_aMiss Leslie's Lady's New Receipt-Book : _b3rd ed. _h[electronic resource] / _cEliza Leslie |
| 260 |
_bProject Gutenberg, _c2013 |
||
| 506 | _aPublic domain in the USA. | ||
| 516 | _aElectronic text | ||
| 830 | 0 |
_aProject Gutenberg _v42154 |
|
| 856 | 4 | 0 | _uhttp://www.gutenberg.org/ebooks/42154 |
| 942 | _cEB | ||
| 999 |
_c271406 _d271406 |
||